000 00572nam a22001937a 4500
003 OSt
005 20251106004751.0
008 250702b |||||||| |||| 00| 0 eng d
020 _a9789719654698
040 _aDWCL - Main lib
_cOC
082 _aFil. 658.401 B212i 2017
100 _aBanaag, Francis B.
245 _a Inventory management and control/
_cFrancis B. Banaag
300 _axiv, 224 pages :
_billustrations;
_c23cm.
504 _aIncludes references
650 _a1. Management-Inventory
700 _aRodolfo L. Ducut
942 _2ddc
_cBK - FIL
_kFil.
_n0
999 _c3353
_d3353